| 000 | 00757cam a22002533a 4500 | ||
|---|---|---|---|
| 001 | 18801 | ||
| 003 | PGUSA | ||
| 005 | 20140828083411.0 | ||
| 008 | 060710s2006||||xxu|||||s|||||000 1 eng d | ||
| 040 |
_aPGUSA _beng |
||
| 042 | _adc | ||
| 050 | 4 | _aPS | |
| 100 | 1 |
_aReynolds, Katharine Yirsa, _d1883- |
|
| 245 | 1 | 0 |
_aGreen Valley _h[electronic resource] / _cKatharine Yirsa Reynolds |
| 260 |
_bProject Gutenberg, _c2006 |
||
| 506 | _aPublic domain in the USA. | ||
| 516 | _aElectronic text | ||
| 653 | _aUnited States -- Social life and customs -- 20th century -- Fiction | ||
| 653 | _aVillages -- Fiction | ||
| 700 | 1 | _aBickford, Nana French | |
| 830 | 0 |
_aProject Gutenberg _v18801 |
|
| 856 | 4 | 0 | _uhttp://www.gutenberg.org/ebooks/18801 |
| 942 | _cEB | ||
| 999 |
_c248056 _d248056 |
||